| 000 | 00527nam a2200157 i 4500 | ||
|---|---|---|---|
| 001 | bg | ||
| 245 | 0 | 0 |
_aWarzywa świeże i ziemniaki : _bzbiór polskich norm i norm branżowych / _cPolski Komitet Normalizacji, Miar i Jakości. |
| 260 |
_aWarszawa : _bWydawnictwa Normalizacyjne "Alfa", _c1987. |
||
| 650 | 9 |
_aWarzywa _xnormalizacja _zPolska |
|
| 650 | 9 |
_aZiemniaki _xnormalizacja _zPolska |
|
| 040 | _cBPK | ||
| 041 | _apl | ||
| 080 | _a635.1/.7:664:631.56](083.74) | ||
| 942 | _cKA | ||
| 008 | s pl f |000 0 pol | ||
| 999 |
_c24102 _d24102 |
||
| 856 |
_uhttp://koha.tu.koszalin.pl/cgi-bin/koha/opac-detail.pl?biblionumber=24102 _yKatalog online BPK |
||